000 00668nam a2200193 i 4500
001 23959
003 ES-MaACL
005 20230906152951.0
007 t|
008 021213s18831887po ||||1| por d
100 1 _aCorvo, João de Andrade.
_921523
245 1 0 _aEstudos sobre as provincias ultramarinas /
_cpor Joao de Andrade Corvo.
260 _aLiboa :
_b[s.n.],
_c1883-1887 (
_fTip. da Academia Real das Siencias)
300 _a4 v. (305 ; 469 ; 404 ; 189 p.) ;
_c23 cm.
651 _aPortugal-
_xColonias-
_zÁfrica.
_99250
651 4 _aPortugal-
_xColonias-
_zAsia.
_9166559
710 2 _aAcademia das Ciências de Lisboa.
_91159
852 _aES-MaACL
_jG-8484-87
999 _c23959
_d23959